| 000 | 00385nam a2200133Ia 4500 | ||
|---|---|---|---|
| 008 | 230917s9999||||xx |||||||||||||| ||und|| | ||
| 040 |
_e248060 _aMAIN |
||
| 041 | _aEnglish | ||
| 082 | _a785 H228C | ||
| 100 | _aHarmeet Kaur | ||
| 245 | 0 | _aChitrapat sangeet mein tantri vadyon ka badhta prayog: Adhunik kal ke sandarbh mein ek vishleshnatmak adhyayan | |
| 260 | _c2016 | ||
| 942 | _cTH | ||
| 999 |
_c127515 _d127515 |
||